000 00641nam a22002297a 4500
003 UA-OsUOA
001 897
007 ta
008 20050708b un ||||| |||| 00| 0 ukr d
100 _aПоспелов Г.Н.
090 _a82(091)
_bП62
942 _cBK
040 _aUA-OsUOA
_brus
_cUA-OsUOA
_dUA-OsUOA
245 _aПроблемы исторического развития литературы
300 _a267 с.
955 _a2
041 _arus
080 _a82(091)
260 _aМ.
_bПросвещение
_c1971
650 7 _a82 Література. Літературознавство
_2UDC
999 _c287059
_d287059